Código penal

Saved in:
書目詳細資料
格式: 圖書
語言:西班牙语
出版: Santiago LexisNexis 2005
版:5a. ed
主題:
標簽: 添加標簽
沒有標簽, 成為第一個標記此記錄!

MARC

LEADER 00000nam a2200000 a 4500
001 UCK3880
003 CL-VaPUC
008 050513e20050000CL |||||||||||||||||spa|d
020 |a 9562384713 
082 0 4 |a 345.83  |b COD  |2 21 
245 1 0 |a Código penal 
250 |a 5a. ed 
300 |a 413 p 
942 |c BK 
945 |d 20050513 00:00:00  |a cmena 
260 |a Santiago  |b LexisNexis  |c 2005 
500 |a Incluye: Citas de jurisprudencia. Anotaciones y concordancias. Indice temático 
500 |a Actualizada al 18 de febrero de 2005 
650 0 |a Código penal  |9 255935 
650 7 |a DERECHO PENAL CHILENO  |2 CL-VaPUC  |9 492232 
650 0 |a Delitos  |9 224143 
650 0 |a Responsabilidad penal  |9 254899 
650 0 |a Jurisprudencia  |9 255952 
583 |a last modification  |c 20050513 00:00:00  |k Rodrigo Vera 
999 |c 312930  |d 312928 
952 |0 0  |1 0  |2 ddc  |4 0  |6 345_830000000000000_COD_2005  |7 0  |8 FOND_LRYV  |9 383824  |a BIBDER  |b BIBDER  |d 2019-11-22  |i 4125991  |o 345.83 COD 2005  |p 4125991  |r 2023-01-25  |w 2019-11-22  |y BK_X  |k DER 
952 |0 0  |1 0  |2 ddc  |4 0  |6 345_830000000000000_COD_2005  |7 0  |8 FOND_LRYV  |9 383825  |a BIBDER  |b BIBDER  |d 2019-11-22  |i 4126009  |o 345.83 COD 2005  |p 4126009  |r 2023-01-25  |w 2019-11-22  |y BK_X  |k DER